Social media ke fayade aur nuksan (Hindi) (Record no. 75477)

MARC details
000 -LEADER
fixed length control field 00308nam a22001217a 4500
020 ## - INTERNATIONAL STANDARD BOOK NUMBER
ISBN 978-8197316852
082 ## - DEWEY DECIMAL CLASSIFICATION NUMBER
Classification number 811.214.21:338.47 SAC
100 ## - MAIN ENTRY--AUTHOR NAME
Personal name SACHDEV, Himani
245 ## - TITLE STATEMENT
Title Social media ke fayade aur nuksan (Hindi)
260 ## - PUBLICATION, DISTRIBUTION, ETC. (IMPRINT)
Place of publication New Delhi
Name of publisher Harvansh Lal & Sons
Year of publication 2024
300 ## - PHYSICAL DESCRIPTION
Number of Pages 128p.
942 ## - ADDED ENTRY ELEMENTS (KOHA)
Koha item type Books
Holdings
Withdrawn status Lost status Damaged status Not for loan Home library Current library Date acquired Source of acquisition Full call number Accession Number Koha item type
        RRII Library RRII Library 02/04/2025 Complementary copy from Hindi Section, Rubber Board 811.214.21:338.47 SAC G01748 Books